|
|
|
|
| LEADER |
01149nam a22002417a 4500 |
| 001 |
40524 |
| 003 |
BD-DhAAL |
| 008 |
230220t1991 ii ||||| |||| 00| 0 ben d |
| 040 |
|
|
|a BD-DhAAL
|c BD-DhAAL
|
| 041 |
|
|
|a ben
|
| 082 |
|
|
|a 915.403
|
| 245 |
|
|
|a সুশোভন সরকার :
|b বাংলার রেনেসাঁস /
|c অসীমকুমার চট্টোপাধ্যায় সম্পাদিত.
|
| 260 |
|
|
|a কলকাতা :
|b প্যাপিরাস,
|c ১৯৯১.
|
| 300 |
|
|
|a ১৮৪ পৃষ্ঠা ;
|c ২২ সে.মি.
|
| 541 |
|
|
|a Donated By Akbar Ali Khan
|e 40524
|
| 600 |
|
|
|a Rammohun Roy, Raja,
|d 1772?-1833.
|9 48350
|
| 600 |
|
|
|a Tagore, Rabindranath,
|d 1861-1941.
|
| 651 |
|
|
|a Bengal (India)
|x Intellectual life.
|
| 700 |
|
|
|a চট্টোপাধ্যায়, অসীমকুমার
|9 53678
|
| 852 |
|
|
|a Ayesha Abed Library
|c Akbar Ali Khan Collection
|
| 942 |
|
|
|2 ddc
|c BK
|
| 999 |
|
|
|c 45510
|d 45510
|
| 952 |
|
|
|0 0
|1 0
|2 ddc
|4 0
|6 915_403000000000000_SUS
|7 1
|9 73270
|a BRACUL
|b BRACUL
|c AAKC
|d 2023-02-20
|e Donated By Akbar Ali Khan
|g 35.00
|l 0
|o 915.403 SUS
|p 3010040524
|r 2023-02-20
|t 1
|w 2023-02-20
|y BK
|